[Event "NRW Class2 1415"]
[Site "Germany"]
[Date "2014.11.16"]
[Round "3.8"]
[White "Glatzel, Jonas"]
[Black "Rohovoy, Dimitrij"]
[Result "1-0"]
[WhiteElo "1965"]
[BlackElo "1915"]
[PlyCount "111"]
[EventDate "2014.09.14"]
[EventType "team-tourn"]
[EventRounds "9"]
[EventCountry "GER"]
[SourceTitle "EXT 2017"]
[Source "ChessBase"]
[SourceDate "2016.10.25"]
[SourceVersion "1"]
[SourceVersionDate "2016.10.25"]
[SourceQuality "1"]
[WhiteTeam "Iserlohn Koenigsspringer"]
[BlackTeam "Castrop Rauxel"]
[WhiteTeamCountry "GER"]
[BlackTeamCountry "GER"]

1. e4 c5 2. c3 d5 3. exd5 Qxd5 4. d4 e6 5. Nf3 Nc6 6. Na3 Nf6 7. Be2 Be7 8. 0-0 0-0 9. dxc5 Qxd1 10. Rxd1 Bxc5 11. Nc4 Nd5 12. Nfe5 Nce7 13. Bf3 a5 14. Nd3 Ba7 15. Bg5 a4 16. Bh4 Nf5 17. Bg3 Nxg3 18. hxg3 Rb8 19. Nf4 Nxf4 20. gxf4 Bc5 21. Ne5 f6 22. Nd7 Bxd7 23. Rxd7 b5 24. a3 e5 25. f5 Rfd8 26. Rad1 Rxd7 27. Rxd7 g6 28. Be4 Rc8 29. Kf1 gxf5 30. Bxf5 Re8 31. Bxh7+ Kh8 32. Bg6 Rf8 33. Bf5 Re8 34. f3 Be3 35. Rb7 Rd8 36. Rxb5 Bc1 37. Bh3 Rd1+ 38. Ke2 Rd2+ 39. Ke1 Rxb2 40. Rxb2 Bxb2 41. Kd2 Bxa3 42. Bd7 Kg7 43. Bxa4 Kg6 44. Ke3 Kg5 45. Bd7 Bd6 46. Ke4 Bc7 47. Bf5 Bb6 48. c4 Kh4 49. Kd5 Kg3 50. Bh3 Kf4 51. c5 Bd8 52. Ke6 e4 53. fxe4 Kxe4 54. Bg4 Kd4 55. c6 Kc5 56. Kd7 1-0

[Event "GER-chT U16"]
[Site "Naumburg"]
[Date "2012.12.30"]
[Round "7"]
[White "Knopf, Felix"]
[Black "Glatzel, Jonas"]
[Result "0-1"]
[WhiteElo "1922"]
[BlackElo "1962"]
[PlyCount "66"]
[EventDate "2012.12.27"]
[EventType "team-swiss"]
[EventRounds "7"]
[EventCountry "GER"]
[SourceTitle "EXT 2014"]
[Source "ChessBase"]
[SourceDate "2013.11.20"]
[SourceVersion "1"]
[SourceVersionDate "2013.11.20"]
[SourceQuality "1"]
[WhiteTeam "Merseburg"]
[BlackTeam "Iserlohn Koenigsspringer"]
[WhiteTeamCountry "GER"]
[BlackTeamCountry "GER"]

1. d4 Nf6 2. Nf3 g6 3. c4 Bg7 4. Nc3 d6 5. e4 0-0 6. Be2 e5 7. 0-0 Nc6 8. d5 Ne7 9. Ne1 Nd7 10. Nd3 f5 11. f3 f4 12. Bd2 g5 13. b4 Nf6 14. c5 h5 15. Nf2 Rf7 16. cxd6 cxd6 17. Rc1 Kh8 18. Nb5 Neg8 19. Qc2 g4 20. Nc7 Rb8 21. Ne6 Qb6 22. Kh1 g3 23. hxg3 fxg3 24. Nh3 Re7 25. Nhg5 Nh7 26. Qb3 Bxe6 27. Nxe6 Rxe6 28. f4 Rg6 29. f5 Qd8 30. f6 Ngxf6 31. Qf3 Nxd5 32. Qxh5 Nf4 33. Bxf4 exf4 0-1

[Event "GER-chT U16"]
[Site "Naumburg"]
[Date "2012.12.28"]
[Round "4"]
[White "Glatzel, Jonas"]
[Black "Riehle, Marco"]
[Result "1/2-1/2"]
[WhiteElo "1962"]
[BlackElo "1913"]
[PlyCount "60"]
[EventDate "2012.12.27"]
[EventType "team-swiss"]
[EventRounds "7"]
[EventCountry "GER"]
[SourceTitle "EXT 2014"]
[Source "ChessBase"]
[SourceDate "2013.11.20"]
[SourceVersion "1"]
[SourceVersionDate "2013.11.20"]
[SourceQuality "1"]
[WhiteTeam "Iserlohn Koenigsspringer"]
[BlackTeam "Sasbach"]
[WhiteTeamCountry "GER"]
[BlackTeamCountry "GER"]

1. e4 e5 2. Nf3 Nf6 3. Nxe5 Nxe4 4. Qe2 Qe7 5. Qxe4 d6 6. d4 dxe5 7. dxe5 Nc6 8. Nc3 Qxe5 9. Qxe5+ Nxe5 10. Bf4 Bd6 11. Bg3 0-0 12. 0-0-0 Be6 13. Nb5 Rfd8 14. Nxd6 cxd6 15. Bd3 Rac8 16. Kb1 Nxd3 17. Rxd3 d5 18. Be5 f6 19. Bd4 Bf5 20. Rd2 a6 21. Rhd1 Kf7 22. f3 h5 23. Re1 Re8 24. Rxe8 Rxe8 25. Bf2 a5 26. Kc1 Rd8 27. Kd1 b5 28. Rd4 Ke6 29. a4 Rc8 30. c3 Rc4 1/2-1/2

[Event "GER-chT U14"]
[Site "Lingen"]
[Date "2011.12.29"]
[Round "5.1"]
[White "Glatzel, Jonas"]
[Black "Sabirov, Ramil"]
[Result "1-0"]
[WhiteElo "1937"]
[BlackElo "1720"]
[PlyCount "87"]
[EventDate "2011.12.27"]
[EventType "team-swiss"]
[EventRounds "7"]
[EventCountry "GER"]
[SourceTitle "EXT 2022"]
[Source "ChessBase"]
[SourceDate "2021.10.06"]
[SourceVersion "1"]
[SourceVersionDate "2021.10.06"]
[SourceQuality "1"]
[WhiteTeam "Iserlohn Koenigsspringer U14"]
[BlackTeam "Porz SG U14"]
[WhiteTeamCountry "GER"]
[BlackTeamCountry "GER"]

1. e4 c5 2. c3 Nf6 3. e5 Nd5 4. d4 cxd4 5. Nf3 Nc6 6. cxd4 d6 7. Bc4 Nb6 8. Bb3 dxe5 9. d5 Na5 10. Nc3 Nxb3 11. Qxb3 e6 12. Nxe5 exd5 13. Be3 Bd6 14. Qb5+ Kf8 15. Nf3 Be6 16. Rd1 Qc7 17. 0-0 Rd8 18. Rfe1 Qc4 19. Bxb6 Qxb5 20. Nxb5 axb6 21. Nfd4 Bg4 22. f3 Bh5 23. Nxd6 Rxd6 24. Rc1 Rd8 25. Rc7 g5 26. Ree7 Bg6 27. Rxb7 Ra8 28. Nf5 Re8 29. Rxe8+ Kxe8 30. Rb8+ Kd7 31. Rxh8 Bxf5 32. Kf2 Kc6 33. Ke3 Kc5 34. Rd8 b5 35. Rg8 d4+ 36. Kd2 Bg6 37. g3 Kd5 38. b3 Kc5 39. Rxg6 fxg6 40. a3 Kd5 41. Kd3 Kc5 42. a4 bxa4 43. bxa4 h6 44. a5 1-0

[Event "GER-chT U14"]
[Site "Lingen"]
[Date "2011.12.29"]
[Round "6.1"]
[White "Knopf, Felix"]
[Black "Glatzel, Jonas"]
[Result "0-1"]
[WhiteElo "1802"]
[BlackElo "1937"]
[PlyCount "54"]
[EventDate "2011.12.27"]
[EventType "team-swiss"]
[EventRounds "7"]
[EventCountry "GER"]
[SourceTitle "EXT 2022"]
[Source "ChessBase"]
[SourceDate "2021.10.06"]
[SourceVersion "1"]
[SourceVersionDate "2021.10.06"]
[SourceQuality "1"]
[WhiteTeam "Merseburg U14"]
[BlackTeam "Iserlohn Koenigsspringer U14"]
[WhiteTeamCountry "GER"]
[BlackTeamCountry "GER"]

1. d4 Nf6 2. Nf3 g6 3. c4 Bg7 4. Nc3 0-0 5. e4 d6 6. Be2 e5 7. 0-0 Nc6 8. d5 Ne7 9. Ne1 Nd7 10. Be3 f5 11. f3 f4 12. Bf2 g5 13. b4 h5 14. Rc1 Nf6 15. c5 g4 16. cxd6 cxd6 17. Nb5 g3 18. hxg3 fxg3 19. Bxg3 Bh6 20. f4 Nxe4 21. Nc7 Nxg3 22. Nxa8 Nxf1 23. Kxf1 Bxf4 24. Rc3 Nf5 25. Nc2 Qh4 26. Rh3 Ne3+ 27. Kg1 Bxh3 0-1

[Event "GER-chT U14"]
[Site "Lingen"]
[Date "2011.12.28"]
[Round "3.1"]
[White "Glatzel, Jonas"]
[Black "Fluechter, Gregor"]
[Result "0-1"]
[WhiteElo "1937"]
[BlackElo "1916"]
[PlyCount "74"]
[EventDate "2011.12.27"]
[EventType "team-swiss"]
[EventRounds "7"]
[EventCountry "GER"]
[SourceTitle "EXT 2022"]
[Source "ChessBase"]
[SourceDate "2021.10.06"]
[SourceVersion "1"]
[SourceVersionDate "2021.10.06"]
[SourceQuality "1"]
[WhiteTeam "Iserlohn Koenigsspringer U14"]
[BlackTeam "Brackel SF U14"]
[WhiteTeamCountry "GER"]
[BlackTeamCountry "GER"]

1. e4 c5 2. c3 Nf6 3. e5 Nd5 4. d4 cxd4 5. Nf3 Nc6 6. cxd4 d6 7. Bc4 Nb6 8. Bb3 dxe5 9. d5 Na5 10. Nc3 Nxb3 11. Qxb3 e6 12. Nxe5 exd5 13. Be3 Bd6 14. Qb5+ Nd7 15. Nxf7 Kxf7 16. Qxd5+ Ke7 17. 0-0-0 Nf6 18. Qg5 Kf7 19. Bc5 h6 20. Qh4 g5 21. Qa4 Bf4+ 22. Kb1 Qc7 23. Bd4 Bf5+ 24. Ka1 Qc6 25. Qa3 Rhd8 26. Rhe1 Re8 27. Qb3+ Be6 28. Qc2 Rac8 29. Bxf6 Kxf6 30. Qh7 Bf5 31. Qxh6+ Bg6 32. Rxe8 Rxe8 33. a3 Be5 34. Nd5+ Kf7 35. Ne3 Qb5 36. Rd2 Bc3 37. Nc4 Re1+ 0-1

[Event "GER-chT U14"]
[Site "Lingen"]
[Date "2011.12.27"]
[Round "1.1"]
[White "Bykov, Ilya"]
[Black "Glatzel, Jonas"]
[Result "1/2-1/2"]
[WhiteElo "1720"]
[BlackElo "1937"]
[PlyCount "105"]
[EventDate "2011.12.27"]
[EventType "team-swiss"]
[EventRounds "7"]
[EventCountry "GER"]
[SourceTitle "EXT 2022"]
[Source "ChessBase"]
[SourceDate "2021.10.06"]
[SourceVersion "1"]
[SourceVersionDate "2021.10.06"]
[SourceQuality "1"]
[WhiteTeam "Karlsruhe 1853 U14"]
[BlackTeam "Iserlohn Koenigsspringer U14"]
[WhiteTeamCountry "GER"]
[BlackTeamCountry "GER"]

1. e4 c5 2. d4 cxd4 3. c3 dxc3 4. Nxc3 Nc6 5. Nf3 e6 6. a3 Qc7 7. Be2 Nf6 8. 0-0 Be7 9. Bd2 a6 10. Rc1 Qb8 11. b4 0-0 12. Bd3 b5 13. Re1 Ng4 14. Bb1 Rd8 15. Qc2 Nce5 16. Nxe5 Nxe5 17. f4 Nc4 18. e5 g6 19. Ne4 Qb6+ 20. Kh1 Bb7 21. Qc3 Rac8 22. Qd3 Bxe4 23. Rxe4 d5 24. Ree1 Rc6 25. Rc2 Rdc8 26. h3 Nxd2 27. Qxd2 Rxc2 28. Bxc2 Qc6 29. Bb3 Bh4 30. Re3 Qc1+ 31. Qxc1 Rxc1+ 32. Kh2 Bf2 33. Rf3 Bd4 34. a4 Bc3 35. axb5 axb5 36. g4 Bxb4 37. Kg2 Bc3 38. Kf2 b4 39. Ke2 Rb1 40. Bc2 Rb2 41. Kd1 d4 42. Kc1 Ra2 43. Bb3 Rb2 44. Bc2 b3 45. Bd1 Kf8 46. h4 Ke7 47. h5 gxh5 48. gxh5 h6 49. Rg3 Kd8 50. Rg8+ Kc7 51. Rg3 Kb6 52. Rg8 Kc7 53. Rg3 1/2-1/2

[Event "GER-chT Lands U21"]
[Site "Xanten"]
[Date "2011.11.01"]
[Round "3.3"]
[White "Glatzel, Jonas"]
[Black "Gupta, Arijit"]
[Result "0-1"]
[WhiteElo "1906"]
[BlackElo "1989"]
[PlyCount "64"]
[EventDate "2011.10.31"]
[EventType "team-swiss"]
[EventRounds "7"]
[EventCountry "GER"]
[SourceTitle "EXT 2022"]
[Source "ChessBase"]
[SourceDate "2021.10.06"]
[SourceVersion "1"]
[SourceVersionDate "2021.10.06"]
[SourceQuality "1"]
[WhiteTeam "Nordrhein Westfalen U21 II"]
[BlackTeam "Hamburg U21"]
[WhiteTeamCountry "GER"]
[BlackTeamCountry "GER"]

1. e4 c5 2. c3 Nf6 3. e5 Nd5 4. d4 cxd4 5. Nf3 e6 6. cxd4 d6 7. Bc4 Nc6 8. 0-0 Be7 9. a3 0-0 10. Qc2 Bd7 11. Nc3 dxe5 12. dxe5 Nxc3 13. bxc3 Qa5 14. Bf4 Rac8 15. Bd3 g6 16. h4 Nb8 17. Bd2 Ba4 18. Qb2 Rfd8 19. Qxb7 Rc7 20. Qb1 Rcd7 21. Be4 Nc6 22. Bg5 Bxg5 23. hxg5 Qxc3 24. Rc1 Rd1+ 25. Kh2 Qa5 26. Bxc6 Rxc1 27. Qb2 Rxa1 28. Bxa4 Qxa4 29. Qxa1 Qf4+ 30. Kh3 h6 31. gxh6 g5 32. Nh2 Qh4# 0-1

[Event "GER-ch U14"]
[Site "Oberhof"]
[Date "2011.06.13"]
[Round "3"]
[White "Glatzel, Jonas"]
[Black "Kramer, Julian"]
[Result "1/2-1/2"]
[WhiteElo "1863"]
[BlackElo "1946"]
[PlyCount "125"]
[EventDate "2011.06.11"]
[EventType "swiss"]
[EventRounds "9"]
[EventCountry "GER"]
[SourceTitle "CBM 142 Extra"]
[Source "ChessBase"]
[SourceDate "2011.06.27"]
[SourceVersion "1"]
[SourceVersionDate "2011.06.27"]
[SourceQuality "1"]

1. e4 c5 2. c3 d5 3. exd5 Qxd5 4. d4 g6 5. Nf3 Bg7 6. Na3 cxd4 7. Nb5 Na6 8. Nbxd4 Nf6 9. Qb3 Qe4+ 10. Be3 0-0 11. Bc4 Nc5 12. Qc2 Qxc2 13. Nxc2 Nce4 14. 0-0 Nd6 15. Bb3 b6 16. Bf4 Nb7 17. Rfe1 e6 18. Rad1 Na5 19. Ncd4 Nxb3 20. axb3 a6 21. Be5 Bb7 22. Nd2 Nd5 23. Bxg7 Kxg7 24. Nc4 Rfd8 25. f3 Kf6 26. Kf2 h5 27. h4 Rac8 28. g3 Rc7 29. Nc2 Ke7 30. Rd2 a5 31. Red1 Rcc8 32. N2a3 Ba6 33. Ne5 Ke8 34. c4 Nb4 35. Rxd8+ Rxd8 36. Rxd8+ Kxd8 37. Nxf7+ Ke7 38. Ne5 Kf6 39. Nd7+ Ke7 40. Nxb6 Nd3+ 41. Ke3 Nc5 42. Na4 Nxb3 43. Nc3 Nc5 44. Ne4 Nb3 45. Nf2 a4 46. Nd3 Kf6 47. Nb5 g5 48. Nb4 Bb7 49. Nd6 Ba8 50. hxg5+ Kxg5 51. Na2 e5 52. Nc3 Nc5 53. Nde4+ Nxe4 54. Nxe4+ Kf5 55. Nc3 Bc6 56. Nd5 Ke6 57. Ke4 Ba8 58. Ke3 Bxd5 59. cxd5+ Kxd5 60. g4 h4 61. Kf2 Ke6 62. Kg2 Kf6 63. Kh2 1/2-1/2

[Event "Dortmund Sparkassen op-B"]
[Site "Dortmund"]
[Date "2010.07.23"]
[Round "7"]
[White "Glatzel, Jonas"]
[Black "Bosbach, Jens"]
[Result "1/2-1/2"]
[WhiteElo "1677"]
[BlackElo "2025"]
[PlyCount "51"]
[EventDate "2010.07.17"]
[EventType "swiss"]
[EventRounds "9"]
[EventCountry "GER"]
[SourceTitle "EXT 2014"]
[Source "ChessBase"]
[SourceDate "2013.11.20"]
[SourceVersion "1"]
[SourceVersionDate "2013.11.20"]
[SourceQuality "1"]

1. e4 c6 2. Nf3 d5 3. exd5 cxd5 4. Ne5 e6 5. d4 Nf6 6. Nd2 Nc6 7. Ndf3 Be7 8. c3 Nxe5 9. Nxe5 Nd7 10. Bd3 Nxe5 11. dxe5 Qc7 12. Qe2 Bd7 13. 0-0 a6 14. f4 g6 15. Be3 Bc5 16. Bd4 Qb6 17. Qf2 Rc8 18. Rfc1 0-0 19. a3 Rc7 20. b4 Bxd4 21. cxd4 Rfc8 22. Rc5 Qa7 23. Rac1 b6 24. Rxc7 Rxc7 25. Rxc7 Qxc7 26. Qc2 1/2-1/2

[Event "Dortmund Sparkassen op-B"]
[Site "Dortmund"]
[Date "2010.07.17"]
[Round "1"]
[White "Glatzel, Jonas"]
[Black "Sterin, Andrei"]
[Result "1-0"]
[WhiteElo "1677"]
[BlackElo "1368"]
[PlyCount "35"]
[EventDate "2010.07.17"]
[EventType "swiss"]
[EventRounds "9"]
[EventCountry "GER"]
[SourceTitle "EXT 2014"]
[Source "ChessBase"]
[SourceDate "2013.11.20"]
[SourceVersion "1"]
[SourceVersionDate "2013.11.20"]
[SourceQuality "1"]

1. e4 c5 2. c3 d5 3. exd5 Qxd5 4. d4 cxd4 5. cxd4 Nc6 6. Nf3 Nf6 7. Nc3 Qa5 8. Bd2 Qb6 9. Na4 Qd8 10. Be3 Bg4 11. Bb5 Rc8 12. 0-0 a6 13. Bxc6+ Rxc6 14. h3 Bh5 15. Nc5 b6 16. Nxa6 e6 17. Qa4 Qd5 18. Nc7+ 1-0

[Event "NRW-ch U12"]
[Site "Kranenburg"]
[Date "2009.04.15"]
[Round "4"]
[White "Glatzel, Jonas"]
[Black "Sabirov, Ramil"]
[Result "1/2-1/2"]
[WhiteElo "1396"]
[BlackElo "1477"]
[PlyCount "55"]
[EventDate "2009.04.13"]
[EventType "swiss"]
[EventRounds "7"]
[EventCountry "GER"]
[SourceTitle "EXT 2010"]
[Source "ChessBase"]
[SourceDate "2010.11.25"]
[SourceVersion "1"]
[SourceVersionDate "2010.11.25"]
[SourceQuality "1"]

1. e4 c5 2. c3 d5 3. exd5 Qxd5 4. d4 Nc6 5. Nf3 Bg4 6. dxc5 Qxd1+ 7. Kxd1 e5 8. b4 e4 9. h3 Bh5 10. g4 exf3 11. gxh5 h6 12. Nd2 Rd8 13. Kc2 Nf6 14. Nc4 Be7 15. Bd3 0-0 16. Rg1 Kh8 17. Bf4 Nd5 18. Bd2 f5 19. Rg3 Bf6 20. Rxf3 Ndxb4+ 21. cxb4 Bxa1 22. Bc3 Bxc3 23. Kxc3 f4 24. h4 Nd4 25. Rh3 f3 26. Ne5 Ne2+ 27. Kc2 Kg8 28. Bc4+ 1/2-1/2

[Event "NRW-ch U12"]
[Site "Kranenburg"]
[Date "2009.04.14"]
[Round "3"]
[White "Huemmecke, Aaron"]
[Black "Glatzel, Jonas"]
[Result "1/2-1/2"]
[WhiteElo "1549"]
[BlackElo "1396"]
[PlyCount "88"]
[EventDate "2009.04.13"]
[EventType "swiss"]
[EventRounds "7"]
[EventCountry "GER"]
[SourceTitle "EXT 2010"]
[Source "ChessBase"]
[SourceDate "2010.11.25"]
[SourceVersion "1"]
[SourceVersionDate "2010.11.25"]
[SourceQuality "1"]

1. e4 c5 2. c3 e5 3. Nf3 Nc6 4. d4 cxd4 5. cxd4 exd4 6. Nxd4 Nf6 7. Nxc6 bxc6 8. Qa4 Bc5 9. Bd3 0-0 10. 0-0 Bb7 11. Qc2 Bd4 12. Be3 Bxe3 13. fxe3 Ng4 14. e5 Qh4 15. g3 Qh6 16. Qe2 Qxe3+ 17. Qxe3 Nxe3 18. Re1 Nd5 19. Na3 Rfe8 20. Bf5 Nb6 21. Rac1 g6 22. Bg4 Re7 23. Nc4 Nxc4 24. Rxc4 f6 25. Rd4 d5 26. e6 f5 27. Bh3 Kg7 28. g4 fxg4 29. Bxg4 c5 30. Rf4 Rf8 31. Rxf8 Kxf8 32. Kf2 Kg7 33. Kg3 h5 34. Bh3 g5 35. Re5 Kf6 36. Rf5+ Kg6 37. Re5 c4 38. Kf2 d4 39. Ke1 g4 40. Bf1 Ba6 41. b4 d3 42. Kd2 Kf6 43. Rxh5 Rxe6 44. b5 Bb7 1/2-1/2

[Event "GER-ch U10"]
[Site "Willingen"]
[Date "2007.05.29"]
[Round "6"]
[White "Lieber, Carl"]
[Black "Glatzel, Jonas"]
[Result "0-1"]
[WhiteElo "1290"]
[BlackElo "1268"]
[PlyCount "102"]
[EventDate "2007.05.26"]
[EventType "swiss"]
[EventRounds "11"]
[EventCountry "GER"]
[SourceTitle "CBM 118 Extra"]
[Source "ChessBase"]
[SourceDate "2007.07.04"]
[SourceVersion "1"]
[SourceVersionDate "2007.07.04"]
[SourceQuality "1"]

1. e4 e5 2. Nf3 Nc6 3. Bc4 Nf6 4. d3 Bc5 5. 0-0 0-0 6. c3 d5 7. exd5 Nxd5 8. h3 Nb6 9. Bb3 Bf5 10. Bc2 Re8 11. Be3 Bd6 12. Nbd2 Nd5 13. Bg5 Qd7 14. Bh4 Nf4 15. Bg3 Nxd3 16. Qb1 Bc5 17. Nb3 Ne7 18. Nxc5 Nxc5 19. Nxe5 Bxc2 20. Qxc2 Qf5 21. Qxf5 Nxf5 22. Bh2 f6 23. Nf3 c6 24. Rfe1 b6 25. Rad1 Rxe1+ 26. Nxe1 Re8 27. Nc2 Na4 28. b3 Nxc3 29. Ra1 Rd8 30. Nb4 c5 31. Nc6 Rc8 32. Nxa7 Ra8 33. Nc6 Rxa2 34. Rxa2 Nxa2 35. Bc7 b5 36. Na5 Nd4 37. Bb6 Nc1 38. Bxc5 Ndxb3 39. Nxb3 Nxb3 40. Kf1 Nxc5 41. Ke2 b4 42. Kd2 b3 43. Kc3 Kf7 44. f4 Ke6 45. g3 Kd5 46. Kb2 Kc4 47. f5 Nd3+ 48. Ka1 Kc3 49. g4 Kc2 50. g5 Nb4 51. g6 b2# 0-1

[Event "GER-ch U10"]
[Site "Willingen"]
[Date "2007.05.28"]
[Round "5"]
[White "Glatzel, Jonas"]
[Black "Gayday, Alina"]
[Result "1-0"]
[WhiteElo "1268"]
[BlackElo "1024"]
[PlyCount "147"]
[EventDate "2007.05.26"]
[EventType "swiss"]
[EventRounds "11"]
[EventCountry "GER"]
[SourceTitle "CBM 118 Extra"]
[Source "ChessBase"]
[SourceDate "2007.07.04"]
[SourceVersion "1"]
[SourceVersionDate "2007.07.04"]
[SourceQuality "1"]

1. e4 e5 2. Nf3 Nc6 3. Bc4 Bc5 4. c3 Nf6 5. d4 exd4 6. cxd4 Bb4+ 7. Nc3 Nxe4 8. 0-0 Bxc3 9. d5 Bf6 10. Re1 Ne7 11. Rxe4 d6 12. Bg5 Bxg5 13. Nxg5 h6 14. Qh5 0-0 15. Nf3 a6 16. Qh4 Ng6 17. Qxd8 Rxd8 18. Rae1 Bf5 19. R4e3 Nf4 20. Re7 Rac8 21. Nd4 Bg6 22. Nb3 b5 23. Be2 Nxd5 24. Bg4 Nxe7 25. Bxc8 Nxc8 26. h3 Nb6 27. Na5 Nd5 28. Nc6 Rd7 29. Rd1 Nf6 30. Nb8 Re7 31. Nxa6 Bc2 32. Rc1 Bf5 33. Nxc7 b4 34. Nb5 d5 35. f3 Rd7 36. Nd4 Bg6 37. g4 Re7 38. h4 Re3 39. h5 Bd3 40. Kf2 Re7 41. Rd1 Ba6 42. Rc1 Bc4 43. b3 Ba6 44. Rc2 Bd3 45. Rd2 Ba6 46. Rc2 Re8 47. Nc6 Rc8 48. Ne7+ Kh7 49. Nxc8 Bd3 50. Rd2 Ba6 51. Nb6 Bb7 52. Kg3 g6 53. hxg6+ Kxg6 54. Kf4 h5 55. gxh5+ Kxh5 56. Kf5 Ne8 57. Nxd5 Nd6+ 58. Kf4 Kg6 59. Nxb4 Nf5 60. Nd3 Ba6 61. Ne5+ Kf6 62. Nxf7 Ng7 63. Rd6+ Kxf7 64. Rxa6 Ne6+ 65. Ke5 Ng5 66. f4 Nh7 67. Ra7+ Kg8 68. Rxh7 Kxh7 69. a4 Kg6 70. a5 Kh5 71. a6 Kg4 72. a7 Kf3 73. a8Q+ Ke3 74. Qe4+ 1-0

[Event "GER-ch U10"]
[Site "Willingen"]
[Date "2007.05.28"]
[Round "3"]
[White "Glatzel, Jonas"]
[Black "Kreyssig, Robert"]
[Result "1/2-1/2"]
[WhiteElo "1268"]
[BlackElo "1403"]
[PlyCount "63"]
[EventDate "2007.05.26"]
[EventType "swiss"]
[EventRounds "11"]
[EventCountry "GER"]
[SourceTitle "CBM 118 Extra"]
[Source "ChessBase"]
[SourceDate "2007.07.04"]
[SourceVersion "1"]
[SourceVersionDate "2007.07.04"]
[SourceQuality "1"]

1. e4 c6 2. Nc3 d5 3. d4 dxe4 4. Nxe4 Bf5 5. Ng3 Bg6 6. Nf3 Nf6 7. Bd3 e6 8. Bf4 Qb6 9. b3 c5 10. Be3 Nc6 11. dxc5 Bxc5 12. Bxc5 Qxc5 13. Bc4 0-0 14. 0-0 Na5 15. Nd2 Nxc4 16. Nxc4 Rac8 17. Rc1 b5 18. Ne3 Rfd8 19. Qe2 Nd5 20. Nxd5 Rxd5 21. c4 bxc4 22. Rxc4 Qf8 23. Rfc1 Rdc5 24. h3 h6 25. Ne4 Rxc4 26. Rxc4 Rxc4 27. Qxc4 Bxe4 28. Qxe4 Qc8 29. Qc4 Qb7 30. Kf1 Kh7 31. Qd3+ Kg8 32. Qd8+ 1/2-1/2

[Event "GER-ch U10"]
[Site "Willingen"]
[Date "2007.05.28"]
[Round "4"]
[White "Toews, Manuel"]
[Black "Glatzel, Jonas"]
[Result "1-0"]
[WhiteElo "1347"]
[BlackElo "1268"]
[PlyCount "103"]
[EventDate "2007.05.26"]
[EventType "swiss"]
[EventRounds "11"]
[EventCountry "GER"]
[SourceTitle "CBM 118 Extra"]
[Source "ChessBase"]
[SourceDate "2007.07.04"]
[SourceVersion "1"]
[SourceVersionDate "2007.07.04"]
[SourceQuality "1"]

1. d4 d5 2. c4 dxc4 3. Nf3 Nf6 4. Bf4 Nc6 5. e3 Bf5 6. Nc3 e6 7. Bxc4 Be7 8. 0-0 0-0 9. Rc1 Na5 10. Bd3 Bxd3 11. Qxd3 c5 12. Rfd1 a6 13. dxc5 Bxc5 14. Qxd8 Raxd8 15. Rxd8 Rxd8 16. Bc7 Rc8 17. Bxa5 b6 18. Na4 bxa5 19. Nxc5 Ne4 20. Nd3 Rd8 21. Nde5 f6 22. Nc6 Rd7 23. Nxa5 Nc5 24. g3 Ne4 25. Rc4 f5 26. Rc8+ Kf7 27. Ne5+ Ke7 28. Nxd7 Kxd7 29. Rg8 g6 30. Rg7+ Kd6 31. Rxh7 Ke5 32. f4+ Kd6 33. Rg7 Nd2 34. Rxg6 Ne4 35. h4 Ke7 36. h5 Kf7 37. Nc6 Nf6 38. Ne5+ Ke7 39. h6 a5 40. h7 Nxh7 41. Rg7+ Kf8 42. Rxh7 Kg8 43. Re7 a4 44. Rf7 a3 45. bxa3 Kh8 46. Kh2 Kg8 47. Kh3 Kh8 48. Kh4 Kg8 49. Kg5 Kh8 50. Kh6 Kg8 51. Kg6 Kh8 52. Rf8# 1-0

[Event "GER-chT U12"]
[Site "Verden an der Aller"]
[Date "2006.12.30"]
[Round "7.4"]
[White "Glatzel, Jonas"]
[Black "Chen, Roger"]
[Result "1/2-1/2"]
[WhiteElo "1162"]
[BlackElo "1202"]
[PlyCount "67"]
[EventDate "2006.12.27"]
[EventType "team-swiss"]
[EventRounds "7"]
[EventCountry "GER"]
[SourceTitle "EXT 2008"]
[Source "ChessBase"]
[SourceDate "2007.11.25"]
[SourceVersion "1"]
[SourceVersionDate "2007.11.25"]
[SourceQuality "1"]
[WhiteTeam "Hohenlimburg Turm U12"]
[BlackTeam "Berlin TuS Makkabi U12"]
[WhiteTeamCountry "GER"]
[BlackTeamCountry "GER"]

1. e4 e6 2. d4 d5 3. Nc3 Nf6 4. e5 Nfd7 5. Nf3 c5 6. Be2 Nc6 7. Be3 Qb6 8. Na4 Qa5+ 9. c3 cxd4 10. Nxd4 Ncxe5 11. b4 Qd8 12. 0-0 Be7 13. Nb2 0-0 14. a3 Nb6 15. Qb3 Qc7 16. Rac1 Nbc4 17. Bf4 Nxb2 18. Qxb2 Nf3+ 19. Bxf3 Qxf4 20. g3 Qh6 21. Bg2 b6 22. Rfe1 Bb7 23. a4 Bd6 24. Nb5 Be7 25. c4 Rfc8 26. Rc2 Bf6 27. Qb3 dxc4 28. Rxc4 Bxg2 29. Kxg2 Qd2 30. Rec1 Qd5+ 31. Kg1 Rxc4 32. Rxc4 Qd7 33. Rc7 Qd2 34. Rxa7 1/2-1/2

[Event "GER-chT U12"]
[Site "Verden an der Aller"]
[Date "2006.12.27"]
[Round "1.4"]
[White "Keller, Peter1111"]
[Black "Glatzel, Jonas"]
[Result "0-1"]
[WhiteElo "927"]
[BlackElo "1162"]
[PlyCount "126"]
[EventDate "2006.12.27"]
[EventType "team-swiss"]
[EventRounds "7"]
[EventCountry "GER"]
[SourceTitle "EXT 2008"]
[Source "ChessBase"]
[SourceDate "2007.11.25"]
[SourceVersion "1"]
[SourceVersionDate "2007.11.25"]
[SourceQuality "1"]
[WhiteTeam "Frankfurt TV U12"]
[BlackTeam "Hohenlimburg Turm U12"]
[WhiteTeamCountry "GER"]
[BlackTeamCountry "GER"]

1. e4 c5 2. Nf3 Nc6 3. d4 cxd4 4. Nxd4 Nf6 5. Nc3 e5 6. Ndb5 d6 7. Bg5 a6 8. Bxf6 gxf6 9. Na3 Bg7 10. Nd5 Qa5+ 11. c3 0-0 12. Nc4 Qd8 13. Ncb6 Rb8 14. Nxc8 Qxc8 15. Qf3 Qd8 16. Qg3 Na7 17. h4 Kh8 18. h5 Bh6 19. Qf3 Bg5 20. Ne3 Bxe3 21. Qxe3 Nc6 22. h6 Qd7 23. Qf3 Qe7 24. Rh4 Rg8 25. Rg4 Rxg4 26. Qxg4 Rg8 27. Qf3 Qe6 28. Qf5 Qxf5 29. exf5 Ne7 30. Bd3 Rxg2 31. Be4 Rg1+ 32. Kd2 Rxa1 33. a3 Rf1 34. Ke2 Ra1 35. Kd2 d5 36. Bc2 e4 37. a4 Nxf5 38. b4 b5 39. axb5 axb5 40. Bb3 Ne7 41. Bc2 Ra2 42. Kc1 Kg8 43. Kb1 Ra8 44. Kc1 Kf8 45. Kd2 Ke8 46. Ke3 Nf5+ 47. Kf4 Nxh6 48. f3 exf3 49. Kxf3 Ra3 50. Bxh7 f5 51. Kf4 Kf8 52. Bxf5 Nxf5 53. Kxf5 Rxc3 54. Ke5 Ke8 55. Kxd5 Re3 56. Kc5 f5 57. Kxb5 f4 58. Ka6 f3 59. b5 f2 60. b6 f1Q+ 61. Ka7 Re7+ 62. b7 Qb5 63. Ka8 Qxb7# 0-1